000 00574nam a2200157 i 4500
001 146319
003 ES-MaACL
005 20230906201506.0
007 t|
008 070906s1954 ho ||||1| spa d
245 0 0 _aTratados Internacionales
_b: Tomo I, Periodo Colonial, República Federal de Centro America y Tratados bilaterales con Costa Rica.
260 _aTegucigalpa (Honduras) :
_bSecretaria de Relaciones Exteriores,
_c1954.
300 _a515 p., 5 h. ;
_c31 cm.
710 1 _aHonduras.
_bSecretaría de Relaciones Exteriores.
_96519
852 _aES-MaACL
_jC-56537
999 _c146319
_d146319